Joueurs les plus capés du PSG par nationalité - Statistiques

Statistiques générales
  • Ce quiz a été pris 568 fois
  • Le résultat moyen est 11 sur 20
Statistiques - réponses
Joueurs Matchs Joueurs % Correct
Italie 406 Marco Verratti
91%
Uruguay 301 Edinson Cavani
89%
Suède 180 Zlatan Ibrahimovic
89%
Brésil 398 Marquinhos
82%
Costa Rica 108 Kaylor Navas
75%
Argentine 295 Angel Di Maria
74%
Libéria 138 George Weah
70%
Portugal 211 Pauleta
70%
Allemagne 198 Julian Draxler
66%
Belgique 128 Thomas Meunier
66%
Nigeria 113 Augustine Okocha
51%
Pays-Bas 132 Grégory van der Wiel
42%
Senegal 111 Idrissa Gueye
40%
Espagne 98 Pablo Sarabia
36%
Algérie 310 Mustapha Dahleb
33%
Turquie 110 Mevlüt Erdinç
29%
France 435 Jean-Marc Pilorget
22%
Colombie 143 Mario Yepes
22%
Maroc 113 Talal El-Karkouri
7%
Serbie 114 Ilja Pantelic
1%
Aucun quiz correspondant
Distribution des résultats
% des personnes avec chaque résultat
Percentile par nombre de réponses
Votre historique - résultats
Vous n’avez pas pris ce quiz